00770nam a22002417a 4500003000500000005001700005008004100022010001000063011001000073020001800083035001100101040000900112082002500121110006000146245009100206260002300297300002400320490002200344650003600366650004700402710005700449830002200506CHAP20220329143431.0090715s2008 it rn 00010 eng d a96533 a97505 a9789251059999 a108173 cCHAP04a639.21822bF37f v.322 aFAO. Comisión General de Pesca para el Mediterráneo10aRapport de la session (32o)c/par FAO. General Fisheries Council for the Mediterranean aRome :bFAO,c2008 av, 85 p. :bcuadros 0aGFCM reportv; 3214aPescaxRegión Mediterránea.14aRecursos marinosxRegión mediterránea.2 aFAO. General Fisheries Council for the Mediterranean00aGFCM reportv; 32